| 000 | 01142nam a2200313 a 4500 | ||
|---|---|---|---|
| 001 | 000114082 | ||
| 003 | CHAP | ||
| 005 | 20220329144426.0 | ||
| 008 | 171026s2016 mx sm |||||||spa d | ||
| 010 | _a110543 | ||
| 011 | _a111515 | ||
| 040 | _cCHAP | ||
| 090 | _aTesis | ||
| 100 | 1 |
_aCano Ruíz, Marlen. _9133937 |
|
| 245 | 1 | 0 |
_aDiagnóstico de la fertilidad de los suelos y calidad del agua para riego, en Xalatzala, Guerrero _h[En línea] _cMarlen Cano Ruíz. |
| 260 |
_aCocula, Gro. Méx. : _bEl autor, _c2016. |
||
| 500 | _aPara ver el contenido del material haga clic en la liga | ||
| 502 | _aTesis (Ingeniero Agrónomo Fitotecnista) -- Colegio Superio Agropecuario del Estado de Guerrero | ||
| 590 |
_aBATCH _b00 _c20181121 _lUCH01 _h0759 |
||
| 590 |
_aE11695DGD _b10 _c20190821 _lUCH01 _h1410 |
||
| 590 |
_aE6337LMJ _b05 _c20171026 _lUCH01 _h1344 |
||
| 590 |
_aE6337LMJ _b05 _c20171026 _lUCH01 _h1345 |
||
| 650 | 1 | 4 |
_aAgua para irrigación _xAnálisis _92433 |
| 650 | 1 | 4 |
_aSuelos _xFertilidad. _9110367 |
| 856 |
_aFinding aid _uhttp://10.13.5.2/tesis/sist114082.pdf _zTeclea aquí |
||
| 901 | _aBK | ||
| 942 | _cTESIS | ||
| 942 | _n0 | ||
| 999 |
_c110543 _d110543 |
||